000 00774nam a2200253Ia 4500
003 OSt
005 20220928121421.0
006 a|||||r|||| 00| 0
007 ta
008 220927b |||||||| |||| 00| 0 eng d
020 _c1995
024 _a126162
037 _b045A, 18/02/2015, Excel Book International
_cTextual
040 _aSDCL
_cSDCL
_beng
041 _2eng
_aeng
082 _aSigma:f, Q5
100 _aThomas C. George
_9452165
245 0 _aResearch methodology and scientific writing
260 _aNew Delhi
_bAne Books Pvt. Ltd
_c2015
300 _axii;531p.
_ccm.
650 _aBusiness Economics
_9391653
942 _hSigma:f, Q5
_cTEXL
_2CC
999 _c766119
_d766119